Sports Quiz

Random Sports or MLB Quiz

MLB Most 35-HR Seasons for 1 Team Quiz Stats

 Plays Quiz Updated Nov 15, 2018

Challenge
Share
Tweet
Embed
Score 0/33 Timer 06:00
7 Plays Today
Years (F-L) Player % Correct
12 (20-32)Babe Ruth
98%
10 (93-04)Barry Bonds
89.8%
11 (57-73)Hank Aaron
86.9%
10 (95-04)Sammy Sosa
85.6%
5 (04-08)Alex Rodriguez
85.6%
5 (87-96)Mark McGwire
83.7%
6 (55-64)Mickey Mantle
81.7%
9 (01-11)Albert Pujols
78.7%
10 (54-66)Willie Mays
78%
6 (93-99)Ken Griffey, Jr
75.4%
5 (41-57)Ted Williams
73.4%
7 (27-37)Lou Gehrig
71.1%
7 (04-16)David Ortiz
70.3%
5 (01-06)Manny Ramirez
67.3%
11 (74-87)Mike Schmidt
62.5%
5 (96-02)Jim Thome
60.7%
7 (93-03)Frank Thomas
60.5%
Years (F-L) Player % Correct
5 (36-40)Jimmie Foxx
53.6%
5 (30-35)Jimmie Foxx
53.6%
6 (93-03)Rafael Palmeiro
51.7%
9 (59-70)Harmon Killebrew
51%
6 (92-99)Juan Gonzalez
50.4%
5 (00-06)Andruw Jones
50.1%
5 (08-16)Miguel Cabrera
46.8%
6 (94-03)Jeff Bagwell
46.5%
6 (63-70)Willie McCovey
43.2%
6 (55-62)Ernie Banks
36.6%
5 (35-46)Hank Greenberg
31.3%
6 (47-52)Ralph Kiner
28%
5 (98-03)Carlos Delgado
28%
5 (82-87)Dale Murphy
27%
6 (53-60)Eddie Mathews
26.6%
5 (53-57)Duke Snider
26.3%

You're not logged in!

Compare scores with friends on all Sporcle quizzes.
OR
Log In

You Might Also Like...

Show Comments

Extras

Top Quizzes Today


Score Distribution

Your Account Isn't Verified!

In order to create a playlist on Sporcle, you need to verify the email address you used during registration. Go to your Sporcle Settings to finish the process.

Report this User

Report this user for behavior that violates our Community Guidelines.

Details: